000 00291 a2200157 4500
001 173806
020 _a
040 _cMagnum
100 _aWerneck, Leny
240 1 0 _aTio fercho
_lpor
245 1 0 _aTio fercho
362 0 _a1899
440 1 _aLĂȘ
697 _aIJ/GERAL
942 _cBK
999 _c173806
_d173806